Strategic Management (Record no. 1963)

MARC details
000 -LEADER
fixed length control field 00335nam a22001337a 4500
008 - FIXED-LENGTH DATA ELEMENTS--GENERAL INFORMATION
fixed length control field 250218b |||||||| |||| 00| 0 eng d
020 ## - INTERNATIONAL STANDARD BOOK NUMBER
ISBN +8120727029
100 ## - MAIN ENTRY--AUTHOR
Author GHOSH, Bishwanath
245 ## - TITLE STATEMENT
Title Strategic Management
260 ## - PUBLICATION, DISTRIBUTION, ETC. (IMPRINT)
Place of publication New Delhi
Name of publisher Sterling Publishers
Date of publication 2004
300 ## - COLLATION
Pagination viii, 423p.
942 ## - ADDED ENTRY ELEMENTS (KOHA)
Item type Books
050 ## - LIBRARY OF CONGRESS CALL NUMBER
Classification number HD33.25
Item number .G46
Holdings
Source of classification or shelving scheme Not for loan Permanent location Current location Date acquired Accession No. Full call number Barcode. Koha item type
Library of Congress Classification   Samuel Ogbemudia Main Library, University of Abuja Samuel Ogbemudia Main Library, University of Abuja 02/18/2025 2009/39263 HD33.28.G46 2025-0097 Books